000 00299nam a22001337a 4500
008 181219b xxu||||| |||| 00| 0 eng d
020 _a9780801052729
041 _aeng
080 _a371
100 _a46
101 _aEDU
245 _aThe Steven Laws of Teaching
_cGregory,J.M
942 _2udc
_cBK
999 _c53518
_d53518